000 00807nam a2200253Ia 4500
003 OSt
005 20220926012302.0
006 a|||||r|||| 00| 0
007 ta
008 220923b |||||||| |||| 00| 0 eng d
020 _a9780521763233
_c4074.6500000000001
037 _bBBS/57, 11/11/2011, Better Book Service
_cGeneral Book
040 _aRTL
_cRTL
_beng
041 _2eng
_aeng
082 _aX9(J):76, Q0
100 _aAnderson Kym
245 0 _aPolitical economy of agricultural price distortions
260 _aNew York
_bCambridge University Press
_c2010
300 _axiv, 439p
_ccm.
500 _aBibliography chapterwise
650 _aEconomics
942 _hX9(J):76, Q0
_cGB
_2CC
999 _c622368
_d622368